Normal view MARC view
  • Ripamonti, Caterina

Entry Personal Name

Number of records used in: 1

001 - CONTROL NUMBER

  • control field: 96012

003 - CONTROL NUMBER IDENTIFIER

  • control field: NUST

005 - DATE AND TIME OF LATEST TRANSACTION

  • control field: 20220801115703.0

008 - FIXED-LENGTH DATA ELEMENTS

  • fixed length control field: 220801|| aca||aabn | a|a d

040 ## - CATALOGING SOURCE

  • Original cataloging agency: NUST
  • Transcribing agency: NUST

100 ## - HEADING--PERSONAL NAME

  • Personal name: Ripamonti, Caterina

670 ## - SOURCE DATA FOUND

  • Source citation: Work cat.: (NUST)175436: Westland, Stephen. 96010, Computational colour science using MATLAB /, c2004.
© 2023 Central Library, National University of Sciences and Technology. All Rights Reserved.